Diario de un escritor
Salvato in:
| Autore principale: | |
|---|---|
| Natura: | Libro |
| Lingua: | spagnolo |
| Pubblicazione: |
Santiago
Del Pacífico
1900
|
| Soggetti: | |
| Tags: |
Aggiungi Tag
Nessun Tag, puoi essere il primo ad aggiungerne!!
|
MARC
| LEADER | 00000nam a2200000 a 4500 | ||
|---|---|---|---|
| 001 | UCQ4517 | ||
| 003 | CL-VaPUC | ||
| 008 | 980904e19000000CL |||||||||||||||||spa|d | ||
| 082 | 0 | 4 | |a 891.704 |b DOS |2 21 |
| 100 | |a Dostoievski, Fedor |e author |9 267773 | ||
| 245 | 1 | 0 | |a Diario de un escritor |
| 300 | |a 240 p | ||
| 942 | |c BK | ||
| 945 | |d 19980904 00:00:00 |a lriquelm | ||
| 260 | |a Santiago |b Del Pacífico |c 1900 | ||
| 650 | 7 | |a ENSAYOS RUSOS |2 CL-VaPUC |9 267873 | |
| 650 | 0 | |a Literatura rusa |9 318370 | |
| 583 | |a last modification |c 19980904 00:00:00 |k Rodrigo Vera | ||
| 999 | |c 331720 |d 331718 | ||
| 952 | |0 0 |1 0 |4 0 |6 891_704000000000000_DOS_1900 |7 0 |8 A |9 418759 |a BIBEDU |b BIBEDU |d 2019-11-22 |i 146292K |l 1 |o 891.704 DOS 1900 |p 146292K |r 2022-03-08 |s 2022-03-02 |w 2019-11-22 |y BK |k LIT | ||